Dinh dưỡng người
Dinh dưỡng người. Mối quan hệ giữa lương thực, thực phẩm nông nghiệp và sức khoẻ. Dinh dưỡng học và nền nông nghiệp bền vững đối với vấn đề bảo vệ sức khoẻ cộng đồng
Wedi'i Gadw mewn:
| Prif Awdur: | |
|---|---|
| Awduron Eraill: | |
| Fformat: | Llyfr |
| Iaith: | Vietnamese |
| Cyhoeddwyd: |
H.
Giáo dục
1996
|
| Pynciau: | |
| Tagiau: |
Ychwanegu Tag
Dim Tagiau, Byddwch y cyntaf i dagio'r cofnod hwn!
|
| Thư viện lưu trữ: | Mạng thư viện Đại học Đà Nẵng |
|---|
| LEADER | 01448nam a2200397 4500 | ||
|---|---|---|---|
| 001 | 000008911 | ||
| 003 | 5104 | ||
| 005 | 20120315080350.0 | ||
| 008 | 111021s1996 viesd | ||
| 041 | 0 | |a vie | |
| 082 | |a 613.2 |b LÊ-D | ||
| 100 | 0 | |a Lê Doãn Diên | |
| 245 | 0 | |a Dinh dưỡng người |c Lê Doãn Diên, Vũ Thị Thư | |
| 260 | |a H. |b Giáo dục |c 1996 | ||
| 300 | |a 341 tr. |b hình vẽ |c 27 cm | ||
| 520 | |a Dinh dưỡng người. Mối quan hệ giữa lương thực, thực phẩm nông nghiệp và sức khoẻ. Dinh dưỡng học và nền nông nghiệp bền vững đối với vấn đề bảo vệ sức khoẻ cộng đồng | ||
| 653 | |a Dinh dưỡng | ||
| 653 | |a bảo vệ sức khoẻ | ||
| 653 | |a thức ăn | ||
| 653 | |a cộng đồng | ||
| 653 | |a con người | ||
| 653 | |a thực phẩm | ||
| 653 | |a lương thực | ||
| 700 | |a Vũ Thị Thư |e Tác giả | ||
| 700 | |a Lê Doãn Diên |e Tác giả | ||
| 910 | |a Thanh |d 21/10/2011 | ||
| OWN | |a LSP | ||
| AVA | |a UDN50 |b LSP |d 613.2 LÊ-D |e available |t Error 5001 Not defined in file expand_doc_bib_avail. |f 4 |g 0 |h N |i 0 |k 1 | ||
| 999 | |a From the UDN01 | ||
| AVA | |a UDN50 |b LSP |d 613.2 LÊ-D |e available |t Error 5001 Not defined in file expand_doc_bib_avail. |f 4 |g 0 |h N |i 0 |k 1 | ||
| TYP | |a Monograph | ||
| TYP | |a Printed language | ||
| 980 | |a Mạng thư viện Đại học Đà Nẵng | ||